| 000 | 00753nam a22002177i 4500 | ||
|---|---|---|---|
| 999 |
_c22990 _d22990 |
||
| 003 | AR-CdUCM | ||
| 008 | 240814b20162016 pe||||| |||| 00| 0 spa d | ||
| 020 | _a978-612-47286-0-0 | ||
| 040 |
_aMUNICIPALIDAD PROVINCIAL DEL CUSCO _cBIBLIOTECA MUNICIPAL DEL CUSCO |
||
| 082 |
_aES / 869.59 / M94A _bM94A |
||
| 100 |
_aMuñoz Nájar Teresina. _950193 |
||
| 245 | _aLos Árboles Cantan en San Isidro / | ||
| 260 |
_aLima : _bMunicipalidad de San Isidro, _c2016. |
||
| 300 |
_a35 páginas. : _bIlustraciones a color, _c22 cm. |
||
| 650 |
_aLibro de lectura _927572 |
||
| 650 |
_aDescripción de árboles _950194 |
||
| 650 |
_aIlustración de aves _950195 |
||
| 700 |
_aZimic, Sandra [Ilustrador] _950196 |
||
| 942 |
_2ddc _cLIBROS |
||
| 945 |
_apbj _d2024-08-14 |
||